Noël sans Noël - Statistiques

Statistiques générales
  • Ce quiz a été pris 122 fois
  • Le résultat moyen est 12 sur 16
Statistiques - réponses
Indice Réponse % Correct
Morceau de bois débité en rondin ou en quartier. {Bûche} de Noël
98%
Place publique où se rencontrent acheteurs et vendeurs. {Marché} de Noël
96%
Conifère originaire des régions tempérées de l'hémisphère Nord. {Sapin} de Noël
94%
Vêtement tricoté qui couvre le torse et les bras. {Pull} de Noël
93%
Production de sons musicaux à l'aide de la voix. {Chant} de Noël
90%
Oiseau de basse-cour élevé pour sa chair. {Dinde} de Noël
90%
Œuvre culturelle au cœur du cinéma. {Film} de Noël
83%
Objet plein de forme extérieure sphérique. {Boule} de Noël
81%
Fait d'embellir un objet ou une pièce. {Décoration} de Noël
77%
Créature humanoïde nocturne appartenant au petit peuple. {Lutin} de Noël
76%
Rite liturgique central de l'église catholique. {Messe} de Noël
75%
Petit gâteau sec. {Biscuit} de Noël
74%
Arrêt limité et négocié d'activités ou d'hostilités. {Trêve} de Noël
57%
Couleur faite de rouges lavés de blanc. Fleur aux multiples pétales imbriqués. {Rose} de Noël
48%
Repas ou collation pris à une heure avancée de la nuit. {Réveillon} de Noël
33%
Éveil spirituel. Éclairage extérieur d'un bâtiment. {Illumination} de Noël
24%
Aucun quiz correspondant
Distribution des résultats
% des personnes avec chaque résultat
Percentile par nombre de réponses
Votre historique - résultats
Vous n’avez pas pris ce quiz